Statistics for 宇都宮市 大通りにあるバス停

Click here to take the quiz!

General Stats

  • This quiz has been taken 13 times
  • The average score is 9 of 15

Answer Stats

バス停名% Correct
作新学院前
100%
宇都宮駅西口
88%
宮の橋
75%
東武駅前
75%
上河原
63%
県庁前
63%
裁判所前
63%
桜通り十文字
63%
関東自動車整備前
63%
大工町
50%
宮島町十文字
50%
新川
50%
馬場町
38%
伝馬町
38%
桜小学校入口
38%

Score Distribution

Percentile by Number Answered

Percent of People with Each Score

Your Score History

You have not taken this quiz